000 00580nam a22001697a 4500
005 20251108171013.0
008 250721s1998 xx 000 0 ara d
082 1 4 _a924.1/مغل
100 1 _aأبو مغلي، سميح
245 1 0 _aالأزهري اللغوي :
_bأبو منصور محمد بن أحمد الأزهري صاحب معجم تهذيب اللغة و كتابه الزاهر /
264 1 _aعمان :
_bدار الفكر،
_c1998.
300 _a153ص
650 1 7 _aالتراجم
650 1 7 _aاللغة العربية
942 _2ddc
_cBK
999 _c54164
_d54164